<?xml version="1.0" encoding="UTF-8"?>
<record
    xmlns:xsi="http://www.w3.org/2001/XMLSchema-instance"
    xsi:schemaLocation="http://www.loc.gov/MARC21/slim http://www.loc.gov/standards/marcxml/schema/MARC21slim.xsd"
    xmlns="http://www.loc.gov/MARC21/slim">

  <leader>00878nam a22001337a 4500</leader>
  <datafield tag="040" ind1=" " ind2=" ">
    <subfield code="c">RUA</subfield>
  </datafield>
  <datafield tag="082" ind1=" " ind2=" ">
    <subfield code="a">FOR NOU 1999  B125 Or.1</subfield>
  </datafield>
  <datafield tag="100" ind1=" " ind2=" ">
    <subfield code="a">NOU, NETRA.</subfield>
  </datafield>
  <datafield tag="245" ind1=" " ind2=" ">
    <subfield code="a">Study of silviculre knowledge carried out by monk communities in kbal koh and ampor phal pagodas in koh dach communce muk kompoul district kandal province, &#x1780;&#x17B6;&#x179A;&#x179F;&#x17B7;&#x1780;&#x17D2;&#x179F;&#x17B6;&#x1785;&#x17C6;&#x178E;&#x17C1;&#x17C7;&#x178A;&#x17B9;&#x1784;&#x179A;&#x17BB;&#x1780;&#x17D2;&#x1781;&#x179C;&#x1794;&#x17D2;&#x1794;&#x1780;&#x1798;&#x17D2;&#x1798;&#x17A2;&#x1793;&#x17BB;&#x179C;&#x178F;&#x17D2;&#x178F;&#x178A;&#x17C4;&#x1799;&#x179F;&#x17A0;&#x1782;&#x1798;&#x1793;&#x17CF;&#x1796;&#x17D2;&#x179A;&#x17C7;&#x179F;&#x1784;&#x17D2;&#x1783;&#x1793;&#x17C5;&#x1794;&#x17D2;&#x179A;&#x1787;&#x17BB;&#x17C6;&#x179C;&#x178F;&#x17D2;&#x178F;&#x1780;&#x17D2;&#x1794;&#x17B6;&#x179B;&#x1780;&#x17C4;&#x17C7; &#x1793;&#x17B7;&#x1784;&#x179C;&#x178F;&#x17D2;&#x178F;&#x17A2;&#x1798;&#x17D2;&#x1796;&#x179A;&#x1795;&#x179B;&#x1793;&#x17C5;&#x1781;&#x17BB;&#x17C6;&#x1780;&#x17C4;&#x17C7;&#x178A;&#x17B6;&#x1785;&#x17CB;&#x179F;&#x17D2;&#x179A;&#x17BB;&#x1780;&#x1798;&#x17BB;&#x1781;&#x1780;&#x17C6;&#x1796;&#x17BC;&#x179B;&#x1781;&#x17C1;&#x178F;&#x17D2;&#x178F;&#x1780;&#x178E;&#x17D2;&#x178F;&#x17B6;&#x179B;</subfield>
  </datafield>
  <datafield tag="260" ind1=" " ind2=" ">
    <subfield code="a">Phnom Penh</subfield>
    <subfield code="b">RUA</subfield>
    <subfield code="c">1999</subfield>
  </datafield>
  <datafield tag="300" ind1=" " ind2=" ">
    <subfield code="a">50p.</subfield>
    <subfield code="b">ill.</subfield>
    <subfield code="c">29cm.</subfield>
  </datafield>
  <datafield tag="856" ind1=" " ind2=" ">
    <subfield code="u">https://drive.google.com/file/d/1I8PrWUEY0SK_0K9HUCxJW6-UcYeHwu28/view?usp=sharing</subfield>
  </datafield>
  <datafield tag="942" ind1=" " ind2=" ">
    <subfield code="c">FOR</subfield>
  </datafield>
  <datafield tag="999" ind1=" " ind2=" ">
    <subfield code="c">3182</subfield>
    <subfield code="d">3182</subfield>
  </datafield>
  <datafield tag="952" ind1=" " ind2=" ">
    <subfield code="0">0</subfield>
    <subfield code="1">0</subfield>
    <subfield code="2">ddc</subfield>
    <subfield code="4">0</subfield>
    <subfield code="6">FOR_NOU_1999_000000000000000_B125_OR_1</subfield>
    <subfield code="7">0</subfield>
    <subfield code="9">14931</subfield>
    <subfield code="a">LBB</subfield>
    <subfield code="b">LBB</subfield>
    <subfield code="c">B125</subfield>
    <subfield code="d">2015-11-05</subfield>
    <subfield code="o">FOR NOU 1999  B125 Or.1</subfield>
    <subfield code="p">RUA027812</subfield>
    <subfield code="r">2015-11-05</subfield>
    <subfield code="w">2015-11-05</subfield>
    <subfield code="y">FOR</subfield>
  </datafield>
  <datafield tag="952" ind1=" " ind2=" ">
    <subfield code="0">0</subfield>
    <subfield code="1">0</subfield>
    <subfield code="2">ddc</subfield>
    <subfield code="4">0</subfield>
    <subfield code="6">FOR_NOU_1999_000000000000000_B125_OR_2</subfield>
    <subfield code="7">0</subfield>
    <subfield code="9">14932</subfield>
    <subfield code="a">LBB</subfield>
    <subfield code="b">LBB</subfield>
    <subfield code="c">B125</subfield>
    <subfield code="d">2015-11-05</subfield>
    <subfield code="o">FOR NOU 1999  B125 Or.2</subfield>
    <subfield code="p">RUA027744</subfield>
    <subfield code="r">2015-11-05</subfield>
    <subfield code="w">2015-11-05</subfield>
    <subfield code="y">FOR</subfield>
  </datafield>
  <datafield tag="952" ind1=" " ind2=" ">
    <subfield code="0">0</subfield>
    <subfield code="1">0</subfield>
    <subfield code="2">ddc</subfield>
    <subfield code="4">0</subfield>
    <subfield code="6">FOR_NOU_1999_000000000000000_B125_OR_3</subfield>
    <subfield code="7">0</subfield>
    <subfield code="9">14933</subfield>
    <subfield code="a">LBB</subfield>
    <subfield code="b">LBB</subfield>
    <subfield code="c">B125</subfield>
    <subfield code="d">2015-11-05</subfield>
    <subfield code="o">FOR NOU 1999  B125 Or.3</subfield>
    <subfield code="p">RUA027672</subfield>
    <subfield code="r">2015-11-05</subfield>
    <subfield code="w">2015-11-05</subfield>
    <subfield code="y">FOR</subfield>
  </datafield>
  <datafield tag="952" ind1=" " ind2=" ">
    <subfield code="0">0</subfield>
    <subfield code="1">0</subfield>
    <subfield code="2">ddc</subfield>
    <subfield code="4">0</subfield>
    <subfield code="6">FOR_NOU_1999_000000000000000_B125_OR_4</subfield>
    <subfield code="7">0</subfield>
    <subfield code="9">14934</subfield>
    <subfield code="a">LBB</subfield>
    <subfield code="b">LBB</subfield>
    <subfield code="c">B125</subfield>
    <subfield code="d">2015-11-05</subfield>
    <subfield code="o">FOR NOU 1999  B125 Or.4</subfield>
    <subfield code="p">RUA026927</subfield>
    <subfield code="r">2015-11-05</subfield>
    <subfield code="w">2015-11-05</subfield>
    <subfield code="y">FOR</subfield>
  </datafield>
  <datafield tag="952" ind1=" " ind2=" ">
    <subfield code="0">0</subfield>
    <subfield code="1">0</subfield>
    <subfield code="2">ddc</subfield>
    <subfield code="4">0</subfield>
    <subfield code="6">FOR_NOU_1999_000000000000000_B125_OR_5</subfield>
    <subfield code="7">0</subfield>
    <subfield code="9">14935</subfield>
    <subfield code="a">LBB</subfield>
    <subfield code="b">LBB</subfield>
    <subfield code="c">B125</subfield>
    <subfield code="d">2015-11-05</subfield>
    <subfield code="o">FOR NOU 1999  B125 Or.5</subfield>
    <subfield code="p">RUA026089</subfield>
    <subfield code="r">2015-11-05</subfield>
    <subfield code="w">2015-11-05</subfield>
    <subfield code="y">FOR</subfield>
  </datafield>
</record>
